Yungblud - mars - All lyrics - Statistics

General Stats
  • This quiz has been taken 33 times
  • The average score is 264 of 357
Answer Stats
Answer % Correct
the
100%
on
95%
She
95%
she
95%
ever
91%
eyes
91%
Had
91%
had
91%
of
91%
only
91%
sad
91%
see
91%
seventeen
91%
was
91%
you
91%
a
86%
I
86%
pair
86%
seen
86%
that
86%
That
86%
her
82%
Is
82%
life
82%
Mars?
82%
saddest
82%
There,
82%
there
82%
all
77%
All
77%
and
77%
And
77%
any
77%
it
77%
So
77%
to
77%
would
77%
adore
73%
be
73%
bet
73%
better
73%
California
73%
call
73%
dad,
73%
dreamed
73%
Every
73%
everyone
73%
go
73%
green
73%
herself
73%
In
73%
in
73%
man
73%
morning,
73%
morning
73%
Til
73%
when
73%
with
73%
another
68%
But
68%
couldn't
68%
four
68%
matching
68%
mates
68%
me
68%
plan
68%
they
68%
this
68%
under
68%
understand
68%
up
68%
wake
68%
yeah
68%
Yeah,
68%
become
64%
can't
64%
else
64%
hid
64%
lips
64%
off,
64%
ring
64%
school
64%
somebody
64%
wedding
64%
Do
59%
gleam
59%
makes
59%
money
59%
mother's
59%
pretty
59%
scenes,
59%
she'd
59%
she's
59%
therapy
59%
tough
59%
Why
59%
will
59%
back
55%
feel
55%
got
55%
just
55%
like
55%
many
55%
mum
55%
scared
55%
story
55%
take
55%
times,
55%
as
50%
autograph
50%
fuck?
50%
irrelevant?
50%
mind
50%
never
50%
told
50%
Wore
50%
you're
50%
them
45%
too
45%
turn
45%
fortune
41%
made
41%
mezzanine
41%
side
41%
at
36%
author
36%
away
36%
cause
36%
Give
36%
Re-enacting
36%
eats
32%
gently
32%
out
27%
coat
23%
No matching quizzes found
Score Distribution
Percent of People with Each Score
Percentile by Number Answered
Your Score History
You have not taken this quiz